| 000 | 00499nam a2200145 a 4500 | ||
|---|---|---|---|
| 001 | 000015655 | ||
| 005 | 20200929164115.0 | ||
| 008 | 100217s2001 dr 001 0 spa d | ||
| 040 |
_aDO-SdBNP _bspa _cBNPHU |
||
| 110 | 1 |
_aRepública Dominicana _bConsultoría Juridíca del Poder Ejecutivo _9483 |
|
| 245 | 1 | 0 |
_a[para dejar constancia] / _cintroducción Guido Gómez Mazara. |
| 260 |
_aSanto Domingo : _bProcuraduría General, _c2001. |
||
| 300 |
_a72 p. ; _c29 cm. |
||
| 700 | 1 |
_aGómez Mazara, Guido _98460 |
|
| 999 |
_c15207 _d15207 |
||